[Event "Olympiad-33"]
[Site "Elista"]
[Date "1998.10.03"]
[Round "5.2"]
[White "Davidovic, Aleksandar"]
[Black "Al Sayed, Mohammed"]
[Result "1-0"]
[WhiteElo "2395"]
[BlackElo "2090"]
[PlyCount "91"]
[EventDate "1998.09.29"]
[EventType "team-swiss"]
[EventRounds "13"]
[EventCountry "RUS"]
[SourceTitle "CBM 068"]
[Source "ChessBase"]
[SourceDate "1999.02.01"]
[SourceVersion "1"]
[SourceVersionDate "1999.02.01"]
[SourceQuality "1"]
[WhiteTeam "Australia"]
[BlackTeam "Qatar"]
[WhiteTeamCountry "AUS"]
[BlackTeamCountry "QAT"]

1. d4 Nf6 2. Nf3 g6 3. e3 Bg7 4. b3 c5 5. Bb2 0-0 6. Nbd2 b6 7. Bd3 Nc6 8. 0-0 Bb7 9. a3 Rc8 10. dxc5 bxc5 11. c4 Qc7 12. Qc2 Rb8 13. Rab1 Ba8 14. Bc3 Rfc8 15. h3 Ne8 16. Bxg7 Nxg7 17. Qc3 a5 18. Rfd1 d6 19. Ne4 Ne6 20. Qc2 Qb7 21. Nc3 Ncd4 22. exd4 Nxd4 23. Qd2 Nxf3+ 24. gxf3 Qxf3 25. Nd5 Qxh3 26. Bf1 Qg4+ 27. Bg2 Bxd5 28. Qxd5 Qe2 29. Rd2 Qg4 30. Rd3 Rb6 31. Rg3 Qd4 32. Qxd4 cxd4 33. Rd1 e5 34. Bd5 Kg7 35. b4 Rcb8 36. b5 f5 37. Kf1 Kf6 38. Ke2 Rc8 39. Kd3 Rc7 40. Rh1 Rb8 41. Rh6 Rc5 42. a4 Rc7 43. Rgh3 Rh8 44. b6 Re7 45. b7 Rg7 46. Rxh7 1-0

[Event "Olympiad-33"]
[Site "Elista"]
[Date "1998.10.01"]
[Round "3.3"]
[White "Meessen, Rudolf"]
[Black "Davidovic, Aleksandar"]
[Result "1/2-1/2"]
[WhiteElo "2320"]
[BlackElo "2395"]
[PlyCount "30"]
[EventDate "1998.09.29"]
[EventType "team-swiss"]
[EventRounds "13"]
[EventCountry "RUS"]
[SourceTitle "CBM 068"]
[Source "ChessBase"]
[SourceDate "1999.02.01"]
[SourceVersion "1"]
[SourceVersionDate "1999.02.01"]
[SourceQuality "1"]
[WhiteTeam "Belgium"]
[BlackTeam "Australia"]
[WhiteTeamCountry "BEL"]
[BlackTeamCountry "AUS"]

1. d4 Nf6 2. c4 e6 3. Nc3 d5 4. cxd5 exd5 5. Bg5 Be7 6. e3 0-0 7. Bd3 Nbd7 8. Nf3 Re8 9. Qc2 Nf8 10. 0-0 c6 11. h3 g6 12. Bh6 Bd6 13. Rfe1 Qc7 14. Rad1 Ne6 15. Ne4 Nxe4 1/2-1/2

[Event "Australian Masters"]
[Site "Melbourne"]
[Date "1998.05.27"]
[Round "8"]
[White "Davidovic, Aleksandar"]
[Black "Kagan, Michael"]
[Result "0-1"]
[WhiteElo "2410"]
[BlackElo "2220"]
[PlyCount "70"]
[EventDate "1998.05.??"]
[EventType "tourn"]
[EventRounds "9"]
[EventCountry "AUS"]
[EventCategory "2"]
[SourceTitle "EXT 2001"]
[Source "ChessBase"]
[SourceDate "2000.11.22"]
[SourceVersion "1"]
[SourceVersionDate "2000.11.22"]
[SourceQuality "1"]

1. d4 Nf6 2. c4 g6 3. Nf3 Bg7 4. g3 0-0 5. Bg2 d5 6. cxd5 Na6 7. 0-0 Nxd5 8. e4 Nf6 9. Nc3 e6 10. Qe2 c6 11. e5 Nd5 12. Ne4 c5 13. Bg5 Qb6 14. Nf6+ Nxf6 15. exf6 Bh8 16. dxc5 Nxc5 17. Ne5 Nd7 18. Nxd7 Bxd7 19. Qe5 Rfd8 20. Rfd1 Bc6 21. Bxc6 bxc6 22. g4 Rxd1+ 23. Rxd1 Rd8 24. Rd6 Qc7 25. Rxe6 Qd7 26. Re7 Qxg4+ 27. Qg3 Qd1+ 28. Kg2 Qd5+ 29. f3 h6 30. Bxh6 Bxf6 31. Rxa7 Re8 32. b4 Re2+ 33. Kh3 Be5 34. Ra8+ Kh7 35. Qxg6+ Kxg6 0-1

[Event "Australian Masters"]
[Site "Melbourne"]
[Date "1998.05.26"]
[Round "7"]
[White "Depasquale, Chris"]
[Black "Davidovic, Aleksandar"]
[Result "1/2-1/2"]
[WhiteElo "2245"]
[BlackElo "2410"]
[PlyCount "72"]
[EventDate "1998.05.??"]
[EventType "tourn"]
[EventRounds "9"]
[EventCountry "AUS"]
[EventCategory "2"]
[SourceTitle "EXT 2001"]
[Source "ChessBase"]
[SourceDate "2000.11.22"]
[SourceVersion "1"]
[SourceVersionDate "2000.11.22"]
[SourceQuality "1"]

1. e4 e5 2. Nc3 Bc5 3. f4 d6 4. Nf3 Nf6 5. Bc4 Nc6 6. d3 Bd7 7. a3 Nd4 8. fxe5 Nxf3+ 9. Qxf3 dxe5 10. Bg5 c6 11. Rf1 Be7 12. Qg3 h6 13. Bh4 g5 14. Qxe5 0-0 15. Bxg5 hxg5 16. Qxg5+ Kh8 17. Qe5 Rg8 18. 0-0-0 Rg7 19. h3 b5 20. Bb3 Be8 21. Kb1 a5 22. Ne2 Nd7 23. Qh5+ Rh7 24. Qf5 Qb6 25. e5 Nc5 26. e6 f6 27. d4 Nb7 28. Nf4 Nd6 29. Qg4 a4 30. Ba2 b4 31. axb4 Qxb4 32. c3 Qb5 33. Qe2 Qa5 34. Ka1 Rb8 35. Rd2 Nb5 36. Qd3 Rh6 1/2-1/2

[Event "Australian Masters"]
[Site "Melbourne"]
[Date "1998.05.22"]
[Round "4"]
[White "Davidovic, Aleksandar"]
[Black "Hanks, John"]
[Result "1/2-1/2"]
[WhiteElo "2410"]
[BlackElo "2190"]
[PlyCount "157"]
[EventDate "1998.05.??"]
[EventType "tourn"]
[EventRounds "9"]
[EventCountry "AUS"]
[EventCategory "2"]
[SourceTitle "EXT 2001"]
[Source "ChessBase"]
[SourceDate "2000.11.22"]
[SourceVersion "1"]
[SourceVersionDate "2000.11.22"]
[SourceQuality "1"]

1. d4 d5 2. c4 c6 3. Nf3 Nf6 4. Qc2 e6 5. Bg5 Nbd7 6. cxd5 exd5 7. Nc3 Be7 8. e3 h6 9. Bf4 0-0 10. Bd3 Re8 11. 0-0 Nf8 12. h3 Bd6 13. Ne5 Qe7 14. Rab1 N8d7 15. Nxd7 Bxd7 16. Bxd6 Qxd6 17. b4 a6 18. Na4 Rad8 19. Nc5 Bc8 20. a4 Re7 21. b5 axb5 22. axb5 Nd7 23. Nb3 cxb5 24. Bxb5 Nf6 25. Rfc1 Ne4 26. Bd3 Rde8 27. Nd2 Nxd2 28. Qxd2 Rc7 29. Rxc7 Qxc7 30. Rb5 Rd8 31. Qb2 Rd6 32. Rc5 Rc6 33. Qc2 Rxc5 34. Qxc5 Qxc5 35. dxc5 Kf8 36. Kf1 Ke7 37. Ke2 Kd8 38. Kd2 Kc7 39. Kc3 b6 40. Kd4 Kc6 41. cxb6 Kxb6 42. Bb1 Kc6 43. Ba2 Be6 44. Ke5 Kc5 45. h4 Bc8 46. Bxd5 f6+ 47. Ke4 Kd6 48. h5 Bd7 49. Kd4 Bg4 50. Bf3 Be6 51. Ke4 Bd7 52. Kf4 Ke7 53. Bg4 Be8 54. f3 Bf7 55. Kf5 Kd6 56. Ke4 Bd5+ 57. Kd4 Bf7 58. f4 Bd5 59. Bf3 Be6 60. Be4 Bg4 61. Bg6 Be6 62. e4 Bd7 63. Kc4 Bc6 64. Bf5 Be8 65. g4 Bc6 66. Kd4 Bb7 67. e5+ fxe5+ 68. fxe5+ Ke7 69. Ke3 Bd5 70. Kf4 Bc4 71. Bc8 Bd3 72. Bb7 Bc2 73. Be4 Bd1 74. Kf5 Be2 75. Kg6 Bxg4 76. Bf5 Be2 77. Bg4 Bxg4 78. Kxg7 Bxh5 79. Kxh6 1/2-1/2

[Event "UKR-chT"]
[Site "Alushta"]
[Date "1998.??.??"]
[Round "?"]
[White "Aslanian, Ludmila K"]
[Black "Davidovic, Aleksandar"]
[Result "0-1"]
[WhiteElo "2145"]
[BlackElo "2410"]
[PlyCount "68"]
[EventDate "1998.??.??"]
[EventType "team"]
[EventRounds "10"]
[EventCountry "UKR"]
[SourceTitle "EXT 2000"]
[Source "ChessBase"]
[SourceDate "1999.11.16"]
[SourceVersion "1"]
[SourceVersionDate "1999.11.16"]
[SourceQuality "1"]

1. e4 c6 2. d4 d5 3. Nc3 g6 4. h3 Bg7 5. Nf3 Nh6 6. Bf4 f6 7. exd5 cxd5 8. Nb5 Na6 9. c4 Nf7 10. cxd5 Qxd5 11. Qd2 0-0 12. Nc3 Qa5 13. Bc4 Bf5 14. 0-0 Rac8 15. Bb3 Rfd8 16. Qe3 Bf8 17. Bg3 Nb4 18. Rad1 Qb6 19. Na4 Qb5 20. Nc3 Qb6 21. Rd2 Nc6 22. Bxf7+ Kxf7 23. d5 Qxe3 24. fxe3 Na5 25. e4 Bd7 26. e5 Kg7 27. e6 Be8 28. Re2 Nc4 29. Rfe1 Kg8 30. Ne4 f5 31. Nf2 Bg7 32. b3 Nd6 33. Bh4 Rc7 34. a3 h6 0-1

[Event "UKR-chT"]
[Site "Alushta"]
[Date "1998.??.??"]
[Round "?"]
[White "Savchenko, Viacheslav"]
[Black "Davidovic, Aleksandar"]
[Result "1-0"]
[WhiteElo "2375"]
[BlackElo "2410"]
[PlyCount "118"]
[EventDate "1998.??.??"]
[EventType "team"]
[EventRounds "10"]
[EventCountry "UKR"]
[SourceTitle "EXT 2000"]
[Source "ChessBase"]
[SourceDate "1999.11.16"]
[SourceVersion "1"]
[SourceVersionDate "1999.11.16"]
[SourceQuality "1"]

1. d4 Nf6 2. c4 e6 3. Nc3 Bb4 4. Qc2 d5 5. a3 Be7 6. Nf3 Nbd7 7. cxd5 exd5 8. Bf4 c6 9. e3 Nf8 10. h3 Ng6 11. Bh2 0-0 12. Bd3 Re8 13. Ne5 Bd6 14. f4 a6 15. 0-0 c5 16. Rae1 b6 17. Qf2 Bb7 18. Bxg6 fxg6 19. f5 gxf5 20. Qxf5 Qc8 21. Qg5 Qe6 22. Ne2 Ne4 23. Qh5 Rf8 24. Nf4 Qe8 25. Qg4 Bc8 26. Qd1 Be6 27. Qd3 Nf6 28. Rf3 c4 29. Qd1 Ne4 30. Ref1 Ng5 31. R3f2 Ne4 32. Rc2 b5 33. Nf3 Rd8 34. g4 Bb8 35. Rg2 Qe7 36. Qe1 Kh8 37. Ne5 Bxe5 38. dxe5 Bg8 39. Kh1 Rfe8 40. g5 Be6 41. Qh4 Kg8 42. Nh5 g6 43. Nf6+ Nxf6 44. gxf6 Qf7 45. Rg5 Kh8 46. Rfg1 Rg8 47. Qd4 Bxh3 48. Bg3 Be6 49. Be1 Bf5 50. Bc3 Qe6 51. Qh4 Rd7 52. Qf4 Rf7 53. Qxf5 Qxf5 54. Rxf5 gxf5 55. e6 Rxg1+ 56. Kxg1 Kg8 57. exf7+ Kxf7 58. Kf2 a5 59. Bxa5 Kxf6 1-0

[Event "Noumea op"]
[Site "Noumea"]
[Date "1995.??.??"]
[Round "5"]
[White "Davidovic, Aleksandar"]
[Black "Phan Koshnitsky, Ngan"]
[Result "1-0"]
[WhiteElo "2410"]
[BlackElo "2085"]
[PlyCount "65"]
[EventDate "1995.??.??"]
[EventType "swiss"]
[EventRounds "7"]
[EventCountry "AUS"]
[SourceTitle "EXT 1997"]
[Source "ChessBase"]
[SourceDate "1996.11.15"]
[SourceVersion "1"]
[SourceVersionDate "1996.11.15"]
[SourceQuality "1"]

1. d4 Nf6 2. Nf3 g6 3. b3 Bg7 4. Bb2 0-0 5. e3 d6 6. c4 Nbd7 7. Be2 e5 8. dxe5 Ng4 9. 0-0 Ngxe5 10. Nc3 Nxf3+ 11. Bxf3 Ne5 12. Be2 Be6 13. Qd2 h5 14. Nd5 c6 15. Nf4 Qe7 16. Rad1 Rfd8 17. Ba3 Bf8 18. Nxe6 Qxe6 19. e4 a5 20. Bb2 Bg7 21. f4 Ng4 22. Bxg4 Qxg4 23. Bxg7 Kxg7 24. f5 f6 25. Rf4 Qg5 26. Qf2 Rd7 27. h4 Qh6 28. fxg6 Qxg6 29. Rd3 Qh6 30. Rg3+ Kf7 31. Rgf3 Ke7 32. Rxf6 Qc1+ 33. Kh2 1-0

[Event "Olympiad-30"]
[Site "Manila"]
[Date "1992.06.21"]
[Round "12.4"]
[White "Davidovic, Aleksandar"]
[Black "Fernandez Garcia, Jose Luis"]
[Result "1-0"]
[WhiteElo "2410"]
[BlackElo "2465"]
[PlyCount "67"]
[EventDate "1992.06.08"]
[EventType "team-swiss"]
[EventRounds "14"]
[EventCountry "PHI"]
[SourceTitle "TD"]
[Source "ChessBase"]
[SourceDate "1994.03.01"]
[SourceVersion "1"]
[SourceVersionDate "1994.03.01"]
[SourceQuality "1"]
[WhiteTeam "Australia"]
[BlackTeam "Spain"]
[WhiteTeamCountry "AUS"]
[BlackTeamCountry "ESP"]

1. Nf3 Nf6 2. c4 g6 3. g3 Bg7 4. Bg2 d5 5. cxd5 Nxd5 6. 0-0 Nb6 7. Nc3 0-0 8. d4 Nc6 9. d5 Na5 10. e4 c6 11. Bf4 cxd5 12. exd5 Bxc3 13. bxc3 Nxd5 14. Bh6 Re8 15. Qd4 Nf6 16. Qh4 Nc6 17. Rfe1 Bg4 18. Nd4 Rc8 19. Bg5 Nxd4 20. cxd4 Qd7 21. Bxf6 exf6 22. Qxf6 Re6 23. Qf4 Bh3 24. Bxh3 Rxe1+ 25. Rxe1 Qxh3 26. Re7 Rf8 27. d5 Qc8 28. h4 b5 29. d6 Qc5 30. Qf6 a5 31. d7 Qd5 32. Qe5 Qd1+ 33. Kg2 Qd3 34. Qc5 1-0

[Event "Sydney"]
[Site "Sydney"]
[Date "1990.??.??"]
[Round "4"]
[White "Azmaiparashvili, Zurab"]
[Black "Davidovic, Aleksandar"]
[Result "1-0"]
[WhiteElo "2610"]
[BlackElo "2420"]
[PlyCount "33"]
[EventDate "1990.??.??"]
[EventType "tourn"]
[EventRounds "9"]
[EventCountry "AUS"]
[EventCategory "6"]
[SourceTitle "CBM 020"]
[Source "ChessBase"]
[SourceDate "1991.02.01"]
[SourceVersion "1"]
[SourceVersionDate "1991.02.01"]
[SourceQuality "1"]

1. c4 e6 2. Nc3 d5 3. d4 Nf6 4. Nf3 Be7 5. Bf4 0-0 6. e3 c5 7. dxc5 Bxc5 8. Qc2 Nc6 9. a3 Qa5 10. 0-0-0 dxc4 11. Bxc4 a6 12. g4 e5 13. Bg5 Nd7 14. Ne4 Be7 15. Bxe7 Nxe7 16. Nfg5 Ng6 17. Nd6 1-0

[Event "Adelaide op"]
[Site "Adelaide"]
[Date "1990.??.??"]
[Round "7"]
[White "Davidovic, Aleksandar"]
[Black "Danailov, Silvio"]
[Result "1/2-1/2"]
[WhiteElo "2425"]
[BlackElo "2460"]
[PlyCount "23"]
[EventDate "1990.12.??"]
[EventType "swiss"]
[EventRounds "11"]
[EventCountry "AUS"]
[SourceTitle "EXT 1997"]
[Source "ChessBase"]
[SourceDate "1996.11.15"]
[SourceVersion "1"]
[SourceVersionDate "1996.11.15"]
[SourceQuality "1"]

1. d4 Nf6 2. c4 c6 3. Nc3 d5 4. cxd5 cxd5 5. Nf3 Nc6 6. Bf4 Bf5 7. e3 e6 8. Bd3 Bxd3 9. Qxd3 Bd6 10. Bxd6 Qxd6 11. 0-0 0-0 12. Rac1 1/2-1/2

[Event "Sydney"]
[Site "Sydney"]
[Date "1990.??.??"]
[Round "3"]
[White "Davidovic, Aleksandar"]
[Black "Madl, Ildiko"]
[Result "1/2-1/2"]
[WhiteElo "2420"]
[BlackElo "2390"]
[PlyCount "77"]
[EventDate "1990.??.??"]
[EventType "tourn"]
[EventRounds "9"]
[EventCountry "AUS"]
[EventCategory "6"]
[SourceTitle "CBM 020"]
[Source "ChessBase"]
[SourceDate "1991.02.01"]
[SourceVersion "1"]
[SourceVersionDate "1991.02.01"]
[SourceQuality "1"]

1. Nf3 Nf6 2. c4 c5 3. g3 g6 4. Bg2 Bg7 5. Nc3 0-0 6. d4 cxd4 7. Nxd4 Nc6 8. 0-0 Ng4 9. e3 Nxd4 10. exd4 Nh6 11. Bd2 Nf5 12. d5 d6 13. b3 Rb8 14. a4 a6 15. Rc1 Bd7 16. Ne4 b5 17. axb5 axb5 18. c5 dxc5 19. Nxc5 Rc8 20. Bb4 h5 21. Re1 Nd4 22. Nxd7 Rxc1 23. Qxc1 Qxd7 24. Qd1 Re8 25. Bc5 Nf5 26. Bh3 Qc7 27. b4 Nd6 28. Qe2 Bf6 29. Qa2 Rb8 30. Qa6 Qd8 31. Qc6 Nc4 32. f4 Nd6 33. Re2 Ra8 34. Bd7 Ra1+ 35. Kg2 Qb8 36. Rc2 Kg7 37. Bxd6 exd6 38. Qc7 Qa7 39. Qxa7 1/2-1/2

[Event "Doeberl Cup"]
[Site "Canberra"]
[Date "1990.??.??"]
[Round "3"]
[White "Davidovic, Aleksandar"]
[Black "Reilly, Tim"]
[Result "1/2-1/2"]
[WhiteElo "2420"]
[BlackElo "2250"]
[PlyCount "28"]
[EventDate "1990.??.??"]
[EventType "swiss"]
[EventRounds "7"]
[EventCountry "AUS"]
[SourceTitle "EXT 2003"]
[Source "ChessBase"]
[SourceDate "2002.11.25"]
[SourceVersion "1"]
[SourceVersionDate "2002.11.25"]
[SourceQuality "1"]

1. Nf3 g6 2. d4 Nf6 3. Bf4 Bg7 4. e3 0-0 5. h3 c5 6. c3 d6 7. Bd3 Nc6 8. 0-0 Re8 9. Bc4 a6 10. a4 d5 11. Be2 Qb6 12. Ra3 Qxb2 13. Rb3 Qa2 14. Ra3 Qb2 1/2-1/2

[Event "Sydney"]
[Site "Sydney"]
[Date "1990.??.??"]
[Round "2"]
[White "Dive, Russell John"]
[Black "Davidovic, Aleksandar"]
[Result "1-0"]
[WhiteElo "2255"]
[BlackElo "2420"]
[PlyCount "93"]
[EventDate "1990.??.??"]
[EventType "tourn"]
[EventRounds "9"]
[EventCountry "AUS"]
[EventCategory "6"]
[SourceTitle "CBM 020"]
[Source "ChessBase"]
[SourceDate "1991.02.01"]
[SourceVersion "1"]
[SourceVersionDate "1991.02.01"]
[SourceQuality "1"]

1. d4 Nf6 2. c4 e6 3. Nc3 d5 4. Bg5 Be7 5. cxd5 exd5 6. Qc2 Nbd7 7. e3 0-0 8. Bd3 Re8 9. Nge2 Nf8 10. h3 c6 11. 0-0 g6 12. Rad1 Ne6 13. Bh4 Ng7 14. f3 Nfh5 15. Bxe7 Qxe7 16. e4 dxe4 17. fxe4 f5 18. Bc4+ Kh8 19. Qc1 b5 20. Bd3 b4 21. Na4 fxe4 22. Bc4 e3 23. Rf7 Qg5 24. h4 Qxh4 25. Qxe3 Bg4 26. Qh6 Bxe2 27. Rxg7 Nxg7 28. Qxh4 Bxd1 29. Bf7 Re4 30. Qxe4 Bxa4 31. b3 Bb5 32. d5 cxd5 33. Bxd5 Rd8 34. Qxb4 a6 35. Bc4 Bxc4 36. Qxc4 a5 37. Qc7 Ra8 38. Qb7 Rd8 39. Qa7 h5 40. Qxa5 Rd1+ 41. Kf2 Nf5 42. a4 Rb1 43. Qc3+ Kh7 44. a5 h4 45. a6 Ng3 46. Ke3 Nf5+ 47. Kf4 1-0

[Event "Doeberl Cup"]
[Site "Canberra"]
[Date "1990.??.??"]
[Round "7"]
[White "Wohl, Aleksandar H"]
[Black "Davidovic, Aleksandar"]
[Result "0-1"]
[WhiteElo "2255"]
[BlackElo "2420"]
[PlyCount "104"]
[EventDate "1990.??.??"]
[EventType "swiss"]
[EventRounds "7"]
[EventCountry "AUS"]
[SourceTitle "EXT 2003"]
[Source "ChessBase"]
[SourceDate "2002.11.25"]
[SourceVersion "1"]
[SourceVersionDate "2002.11.25"]
[SourceQuality "1"]

1. g3 Nf6 2. Bg2 d5 3. c4 e6 4. Nf3 Nbd7 5. b3 c6 6. 0-0 b5 7. d3 Ba6 8. cxd5 cxd5 9. Bb2 b4 10. a3 bxa3 11. Nxa3 Qb6 12. b4 Qxb4 13. Bd4 Bc5 14. Nc2 Qb6 15. Qd2 0-0 16. Rfb1 Bb5 17. e4 dxe4 18. dxe4 a6 19. e5 Nd5 20. Ne3 Nxe3 21. Qxe3 Rab8 22. Rb2 Rfc8 23. h4 h6 24. Rd1 Bxd4 25. Nxd4 Qc5 26. f4 Nb6 27. Qf2 Nc4 28. Rbb1 Rd8 29. Nc6 Qxf2+ 30. Kxf2 Rxd1 31. Rxd1 Bxc6 32. Bxc6 h5 33. Bf3 Rb2+ 34. Be2 g6 35. Kf3 Nd2+ 36. Ke3 Ne4 37. Rg1 Nc5 38. g4 hxg4 39. Bxg4 Kf8 40. h5 gxh5 41. Bxh5 a5 42. Rc1 Rb5 43. Be2 Rb3+ 44. Kd4 Nd7 45. Rc7 Rb4+ 46. Ke3 Nb6 47. Bf3 a4 48. Ra7 a3 49. f5 Ra4 50. Rb7 a2 51. Rb8+ Kg7 52. Be4 exf5 0-1

[Event "YUG-chT 41st"]
[Site "Zlatibor"]
[Date "1989.09.??"]
[Round "9"]
[White "Davidovic, Aleksandar"]
[Black "Jukic, Mirko"]
[Result "1/2-1/2"]
[WhiteElo "2420"]
[BlackElo "2440"]
[PlyCount "25"]
[EventDate "1989.09.??"]
[EventType "team"]
[EventRounds "9"]
[EventCountry "YUG"]
[SourceTitle "EXT 2000"]
[Source "ChessBase"]
[SourceDate "1999.11.16"]
[SourceVersion "1"]
[SourceVersionDate "1999.11.16"]
[SourceQuality "1"]
[WhiteTeam "Zeleznicar"]
[BlackTeam "Ljubljana Iskra"]
[WhiteTeamCountry "YUG"]
[BlackTeamCountry "YUG"]

1. Nf3 c5 2. c4 Nf6 3. g3 b6 4. Bg2 Bb7 5. Nc3 g6 6. 0-0 Bg7 7. d4 cxd4 8. Qxd4 d6 9. Be3 Nbd7 10. Rac1 a6 11. Rfd1 0-0 12. Qh4 Re8 13. b3 1/2-1/2

[Event "YUG-chT 41st"]
[Site "Zlatibor"]
[Date "1989.08.29"]
[Round "2"]
[White "Davidovic, Aleksandar"]
[Black "Rajkovic, Dusan"]
[Result "1/2-1/2"]
[WhiteElo "2420"]
[BlackElo "2465"]
[PlyCount "20"]
[EventDate "1989.09.??"]
[EventType "team"]
[EventRounds "9"]
[EventCountry "YUG"]
[SourceTitle "EXT 2000"]
[Source "ChessBase"]
[SourceDate "1999.11.16"]
[SourceVersion "1"]
[SourceVersionDate "1999.11.16"]
[SourceQuality "1"]
[WhiteTeam "Zeleznicar"]
[BlackTeam "Gosa"]
[WhiteTeamCountry "YUG"]
[BlackTeamCountry "YUG"]

1. d4 Nf6 2. Nf3 e6 3. Bf4 c5 4. e3 b6 5. c3 Bb7 6. Nbd2 Be7 7. h3 0-0 8. Bd3 cxd4 9. cxd4 d6 10. 0-0 Nd5 1/2-1/2